Fundamentos de administración (Record no. 99229)

MARC details
000 -LEADER
fixed length control field 00761cam a2200205 4500
005 - DATE AND TIME OF LATEST TRANSACTION
control field 20220215083155.0
008 - FIXED-LENGTH DATA ELEMENTS--GENERAL INFORMATION
fixed length control field 220215b mx ||||| |||| 00| 0 spa d
020 ## - INTERNATIONAL STANDARD BOOK NUMBER
International Standard Book Number 9701000811
050 00 - LIBRARY OF CONGRESS CALL NUMBER
Classification number HD37.S6
Item number H47 1992
100 1# - MAIN ENTRY--PERSONAL NAME
Personal name Hernández y Rodríguez, Sergio
245 10 - TITLE STATEMENT
Title Fundamentos de administración
Statement of responsibility, etc / Sergio Hernández y Rodríguez, Nicolás Ballesteros Inda ; rev. y asesoría técnica Alberto Bailey Gutiérrez
250 ## - EDITION STATEMENT
Edition statement 1a ed.
260 ## - PUBLICATION, DISTRIBUTION, ETC. (IMPRINT)
Place of publication, distribution, etc México :
Name of publisher, distributor, etc McGraw-Hill,
Date of publication, distribution, etc c1992
300 ## - PHYSICAL DESCRIPTION
Extent xvi, 421 p. ;
Dimensions 25 cm.
Other physical details il. ;
504 ## - BIBLIOGRAPHY, ETC. NOTE
Bibliography, etc Incluye glosario e índice
650 #7 - SUBJECT ADDED ENTRY--TOPICAL TERM
Topical term or geographic name as entry element Administración
General subdivision Estudio y enseñanza
Source of heading or term lemb
700 1# - ADDED ENTRY--PERSONAL NAME
Personal name Ballesteros Inda, Nicolás,
Relator term autor
700 1# - ADDED ENTRY--PERSONAL NAME
Personal name Bailey Gutiérrez, Alberto,
Relator term rev.
942 ## - ADDED ENTRY ELEMENTS (KOHA)
Source of classification or shelving scheme Biblioteca del Cogreso de los Estados Unidos
Koha item type Libro
Holdings
Estado de pérdida Fuente de clasificación Estado del daño No para préstamo Ubicación permanente Ubicación actual Apartado o colección Fecha de adquisición Fuente de adquisición Edición Área del conocimiento Total Checkouts Clasificación Código de Barras Date last seen Número de copia Costo por reposición Tipo de recurso
  Biblioteca del Cogreso de los Estados Unidos     Biblioteca de la Facultad de Ingeniería Eléctrica Biblioteca de la Facultad de Ingeniería Eléctrica General 15/02/2022 Unidad Académica 1a ed. Ingeniería y Tecnología   HD37.S6 H47 1992 BIE000000201 15/02/2022 C:1 1.00 Libro